| 000 | 00574nam a2200229Ia 4500 | ||
|---|---|---|---|
| 003 | OSt | ||
| 005 | 20220918195711.0 | ||
| 006 | a|||||r|||| 00| 0 | ||
| 007 | ta | ||
| 008 | 220917b |||||||| |||| 00| 0 eng d | ||
| 024 | _a85,905 | ||
| 037 | _cTextual | ||
| 040 |
_aARTS _cARTS _beng |
||
| 041 |
_2eng _aeng |
||
| 082 | _aT:3y4, K2 | ||
| 100 |
_aDeteline William A _991161 |
||
| 245 | 0 | _aIntroduction to programaed instruction | |
| 260 | _c1962 | ||
| 650 | _aEDUCATION | ||
| 942 |
_hT:3y4, K2 _cTEXL _2CC |
||
| 999 |
_c209607 _d209607 |
||